000 005660000a22001810004500
003 MACL
005 20160226163101.0
008 160226b xxu||||| |||| 00| 0 eng d
040 _aMACL
_cMACL
041 _aHindi
082 _a800
100 _aडॉ विजय बहादुर सिंह
_940777
245 _aभक्ति कालीन काव्‍य धाराऍ
260 _bसिंहल साहित्‍य निकेतन
_c1975
_aभोपाल
350 _a4
650 _aLiteracture
_939932
942 _cHIN
_k800
_2ddc
999 _c27018
_d27018